[Event "Bialystok Bieluczyk Memorial-C 2nd"]
[Site "Bialystok"]
[Date "2010.06.30"]
[Round "6"]
[White "Lada, Michal"]
[Black "Gorbacz, Filip"]
[Result "1/2-1/2"]
[WhiteElo "1642"]
[BlackElo "1517"]
[PlyCount "147"]
[EventDate "2010.06.26"]
[EventType "swiss"]
[EventRounds "9"]
[EventCountry "POL"]
[SourceTitle "EXT 2012"]
[Source "ChessBase"]
[SourceDate "2011.11.24"]
[SourceVersion "1"]
[SourceVersionDate "2011.11.24"]
[SourceQuality "1"]

1. d4 Nf6 2. c4 g6 3. Nc3 Bg7 4. e4 0-0 5. Be3 d6 6. Be2 Nbd7 7. Qd2 c5 8. d5 Ne8 9. g4 Qa5 10. Bh6 a6 11. h4 Ndf6 12. f3 b5 13. Bxg7 Nxg7 14. cxb5 axb5 15. Bxb5 Ba6 16. Bxa6 Rxa6 17. Nge2 Nd7 18. f4 Rb8 19. Ng3 Rab6 20. Rb1 Qb4 21. h5 Qd4 22. Qxd4 cxd4 23. Nd1 Nc5 24. hxg6 hxg6 25. Kd2 Ra6 26. Kc2 Rxa2 27. Rg1 Ne8 28. f5 Nf6 29. Nf2 Rb3 30. fxg6 fxg6 31. g5 Nfd7 32. Ng4 Ne5 33. Nxe5 dxe5 34. Rg2 Re3 35. Rh1 Nd7 36. Rgh2 Nf8 37. Nf1 Rxe4 38. Nd2 Rg4 39. Nf3 d3+ 40. Kxd3 Ra5 41. Nxe5 Rxg5 42. Nc6 Rb5 43. Kc4 Rb7 44. Kd3 Rxd5+ 45. Ke4 e6 46. b4 Rd6 47. Rc2 Rd5 48. Rb1 Nh7 49. Ne5 Kg7 50. Nd3 Rbd7 51. Nc5 Nf6+ 52. Kf3 Re7 53. Re2 Rf5+ 54. Kg2 Kf7 55. Rbe1 e5 56. Ne4 Nxe4 57. Rxe4 Ke6 58. b5 Rb7 59. Rb4 Rb6 60. Ra1 Kd5 61. Rab1 g5 62. Ra4 Kc5 63. Ra8 Rff6 64. Rc8+ Kd4 65. Rd1+ Ke4 66. Rb1 Rfd6 67. Re1+ Kd4 68. Rb1 Re6 69. Rd1+ Ke4 70. Rb1 Kf5 71. Rc5 Kg6 72. Kg3 Rb7 73. Re1 Rbe7 74. Kg4 1/2-1/2

[Event "POL-ch U14"]
[Site "Sekocin Stary"]
[Date "2010.05.06"]
[Round "9"]
[White "Lada, Michal"]
[Black "Peronczyk, Karol"]
[Result "1-0"]
[WhiteElo "1642"]
[BlackElo "1655"]
[PlyCount "93"]
[EventDate "2010.05.01"]
[EventType "swiss"]
[EventRounds "10"]
[EventCountry "POL"]
[SourceTitle "EXT 2011"]
[Source "ChessBase"]
[SourceDate "2010.11.26"]
[SourceVersion "1"]
[SourceVersionDate "2010.11.26"]
[SourceQuality "1"]

1. d4 d5 2. c4 e6 3. Nf3 Be7 4. Nc3 Nf6 5. Bg5 h6 6. Bh4 0-0 7. e3 b6 8. Rc1 dxc4 9. Bxc4 Bb7 10. 0-0 Re8 11. Bd3 Nbd7 12. Bg3 c5 13. Nb5 Nd5 14. e4 a6 15. exd5 axb5 16. dxe6 fxe6 17. Bxb5 Rf8 18. Bc4 Bxf3 19. Bxe6+ Kh8 20. gxf3 Rf6 21. d5 Nf8 22. Re1 Rg6 23. Kh1 Bd6 24. Bf7 Bxg3 25. fxg3 Rd6 26. Re8 Qxe8 27. Bxe8 Rxe8 28. Qb3 Red8 29. Re1 Nh7 30. Re6 Rxd5 31. Qxb6 Rd1+ 32. Kg2 R8d2+ 33. Kh3 Ng5+ 34. Kg4 Nxe6 35. Qxe6 Rxb2 36. f4 Rd8 37. f5 Rf8 38. h4 Rbb8 39. a3 Rbc8 40. Qc4 Rfd8 41. Kh5 Rd4 42. Qe6 Rf8 43. g4 c4 44. Qe7 Kg8 45. g5 Rf4 46. Kg6 Rf6+ 47. gxf6 1-0

[Event "POL-ch U14"]
[Site "Sekocin Stary"]
[Date "2010.05.05"]
[Round "8"]
[White "Mirski, Michal"]
[Black "Lada, Michal"]
[Result "0-1"]
[WhiteElo "1710"]
[BlackElo "1642"]
[PlyCount "84"]
[EventDate "2010.05.01"]
[EventType "swiss"]
[EventRounds "10"]
[EventCountry "POL"]
[SourceTitle "EXT 2011"]
[Source "ChessBase"]
[SourceDate "2010.11.26"]
[SourceVersion "1"]
[SourceVersionDate "2010.11.26"]
[SourceQuality "1"]

1. e4 c6 2. d4 d5 3. Nd2 dxe4 4. Nxe4 Bf5 5. Ng3 Bg6 6. h4 h6 7. Nf3 Nd7 8. Bd3 Bxd3 9. Qxd3 Ngf6 10. Bd2 e6 11. 0-0-0 Qc7 12. Kb1 0-0-0 13. Ne4 Nxe4 14. Qxe4 Nf6 15. Qe2 Bd6 16. c4 Rhe8 17. Bc3 Qe7 18. Qc2 Kb8 19. Rhe1 Bc7 20. b4 b5 21. Ne5 Kb7 22. Nd3 Bb6 23. Nc5+ Bxc5 24. bxc5 a6 25. Qe2 Rb8 26. Kc2 Qd7 27. a4 Kc8 28. Rb1 b4 29. Ba1 a5 30. Kb3 Kb7 31. Rbd1 Rbd8 32. Qe5 Qe7 33. f3 Rg8 34. g4 Nd7 35. Qg3 Rge8 36. Re3 Nxc5+ 37. Kc2 Nxa4 38. Qe5 Ka6 39. Qxg7 Nb6 40. Qxh6 Nxc4 41. Re2 Qb7 42. Kb3 a4+ 0-1

[Event "POL-ch U14"]
[Site "Sekocin Stary"]
[Date "2010.05.02"]
[Round "2"]
[White "Sliwicki, Damian"]
[Black "Lada, Michal"]
[Result "1-0"]
[WhiteElo "1856"]
[BlackElo "1642"]
[PlyCount "77"]
[EventDate "2010.05.01"]
[EventType "swiss"]
[EventRounds "10"]
[EventCountry "POL"]
[SourceTitle "EXT 2011"]
[Source "ChessBase"]
[SourceDate "2010.11.26"]
[SourceVersion "1"]
[SourceVersionDate "2010.11.26"]
[SourceQuality "1"]

1. e4 c6 2. c4 d5 3. cxd5 cxd5 4. exd5 Qxd5 5. Nc3 Qd8 6. d4 Nf6 7. Bc4 e6 8. Nf3 Qc7 9. Qd3 Nc6 10. 0-0 Be7 11. a3 0-0 12. Bg5 Rd8 13. Rfe1 Qb6 14. Na4 Qa5 15. Bd2 Qc7 16. b4 Qd7 17. Bc3 Bd6 18. Rad1 h6 19. Bb3 Qc7 20. Bb2 a6 21. Nc3 b5 22. Ne4 Nd7 23. Bc2 Nf8 24. Qc3 Ne7 25. Qxc7 Bxc7 26. Nc5 Nd7 27. Be4 Rb8 28. Ne5 Nxc5 29. dxc5 Kf8 30. Rxd8+ Bxd8 31. Rd1 Bc7 32. Nd7+ Bxd7 33. Rxd7 Bd8 34. Be5 Ke8 35. Rxe7+ Kxe7 36. Bd6+ Kd7 37. Bxb8 a5 38. c6+ Kc8 39. c7 1-0